[Event "AUTO-ADV-2847"]
[Site "http://www.queenalice.com/game.php?id=1180831"]
[Date "2013.5.12"]
[Round "1"]
[White "favazza2007"]
[Black "professoralesson"]
[Result "1/2-1/2"]
[WhiteElo "1847"]
[BlackElo "1593"]

1. c4 e5 2. Nc3 Bb4 3. a3 Bxc3 4. dxc3 Nf6 5. Bg5 h6 6. Bh4 g5 7. Bg3 d6 8. e3
c5 9. Be2 Qb6 10. b4 cxb4 11. cxb4 Be6 12. Nf3 Ne4 13. O-O Nxg3 14. hxg3 O-O 15.
Nd2 Nc6 16. Ne4 a5 17. Nf6+ Kg7 18. Nd5 Qd8 19. b5 Ne7 20. Bf3 Nxd5 21. Bxd5
Bxd5 22. Qxd5 Rb8 23. Rfd1 Kf6 24. Qxd6+ Qxd6 25. Rxd6+ Kf5 26. Rxh6 Rbc8 27.
Rc1 f6 28. f3 e4 29. g4+ Ke5 30. Kf2 Rfd8 31. f4+ gxf4 32. exf4+ Kxf4 33. Rxf6+
Kxg4 34. Rc3 Rd2+ 35. Ke3 Kg5 36. Rg6+ Kxg6 37. Kxd2 Kf5 38. Ke3 Rg8 39. Kf2 b6
40. c5 bxc5 41. Rxc5+ Kf4 42. b6 e3+ 43. Kf1 Rb8 44. Rxa5 Rxb6 45. Ra4+ Kg3 46.
Ke2 Rb3 47. Ra8 Kxg2 48. a4 Kg3 49. a5 Kf4 50. Rf8+ Ke4 51. Re8+ Kd4 52. a6 Rb2+
53. Ke1 Ra2 54. Rd8+ Ke4 55. Re8+ Kd3 56. Rd8+ Ke4 57. Re8+ Kd4 58. Rd8+ Kc4 59.
Re8 Kd3 60. Rd8+ Ke4 1/2-1/2

[Event "AUTO-ADV-2847"]
[Site "http://www.queenalice.com/game.php?id=1180832"]
[Date "2013.5.12"]
[Round "1"]
[White "professoralesson"]
[Black "favazza2007"]
[Result "0-1"]
[WhiteElo "1663"]
[BlackElo "1818"]

1. e4 d5 2. exd5 Nf6 3. c4 e6 4. dxe6 Bxe6 5. d3 Bb4+ 6. Ke2 O-O 7. a3 Bd6 8.
Be3 Re8 9. Kd2 Nc6 10. Nc3 Be5 11. f4 Bxc3+ 12. Kxc3 Bg4 13. Qb3 Rxe3 14. Qxb7
Qd4+ 15. Kc2 Rb8 16. Qxb8+ Nxb8 17. h3 Bf5 18. Rd1 Na6 19. Nf3 Qxc4+ 20. Kb1
Bxd3+ 21. Bxd3 Rxd3 22. Rxd3 Qxd3+ 23. Ka2 Qc4+ 24. Ka1 Nc5 25. Rd1 Nb3+ 26. Kb1
h6 27. g4 Qe4+ 28. Ka2 Qxf3 29. Rd8+ Kh7 30. Rc8 Nc1+ 31. Kb1 Qxf4 32. Rxc7 Qxc7
33. g5 Ne4 34. gxh6 Nd2+ 35. Ka1 Ncb3+ 36. Ka2 Qc1 37. hxg7 Qa1# 0-1

[Event "AUTO-ADV-2847"]
[Site "http://www.queenalice.com/game.php?id=1180842"]
[Date "2013.5.12"]
[Round "1"]
[White "AlexTenorio"]
[Black "professoralesson"]
[Result "0-1"]
[WhiteElo "1706"]
[BlackElo "1673"]

1. e4 e5 2. Nf3 d6 3. Nc3 g6 4. d4 exd4 5. Qxd4 Qf6 6. Qxf6 Nxf6 7. e5 dxe5 8.
Nxe5 Bd6 9. Bf4 O-O 10. O-O-O Nh5 11. g3 Re8 12. Nd3 Bxf4+ 13. Nxf4 Bg4 14. Nxh5
Bxh5 15. Rd2 Re1+ 16. Nd1 Nc6 17. c3 Rae8 18. Bg2 Rxh1 19. Bxh1 Re6 20. Bd5 Rf6
21. Ne3 b5 22. Bxc6 Rxc6 23. Nd5 Kg7 24. Ne7 Re6 25. Rd7 Re1+ 26. Kd2 Re2+ 27.
Kc1 Rxf2 28. Rxc7 Rxh2 29. Rxa7 Rg2 30. Rb7 Rxg3 31. Rxb5 Rg1+ 32. Kc2 Bd1+ 33.
Kd2 Ba4 34. Rb4 Rg2+ 35. Ke3 Bd1 36. Kd4 Rg4+ 37. Kc5 Rxb4 38. Kxb4 h5 39. Nd5
h4 40. Ne3 Be2 41. c4 h3 42. c5 h2 43. c6 h1=Q 44. c7 Qb7+ 0-1

[Event "Challenge"]
[Site "http://www.queenalice.com/game.php?id=1203341"]
[Date "2013.7.29"]
[Round "-"]
[White "ArnoBlack"]
[Black "professoralesson"]
[Result "0-1"]
[WhiteElo "1711"]
[BlackElo "1612"]

1. e4 e5 2. d4 exd4 3. Qxd4 Qf6 4. Be3 a5 5. Qxf6 Nxf6 6. Bd3 Bb4+ 7. c3 Bd6 8.
h3 c6 9. Nf3 Nh5 10. e5 Bc7 11. Nbd2 d6 12. g4 dxe5 13. gxh5 e4 14. Bxe4 O-O 15.
h6 g6 16. Ke2 b5 17. Rag1 a4 18. a3 Ra6 19. h4 f5 20. Bd3 Re8 21. h5 Nd7 22.
hxg6 hxg6 23. Rxg6+ Kh8 24. Kd1 Be5 25. Bxf5 Nf8 26. Rg8+ Kxg8 27. h7+ Nxh7 28.
Bxh7+ Kf7 29. Ng5+ Kf6 30. Nde4+ Ke7 31. Bc5+ Kd7 32. Bf5+ Kc7 33. Rh7+ Kb8 34.
Bg6 Rd8+ 35. Kc2 Rg8 36. Bh5 Bf5 37. Rf7 Rxg5 38. Rf8+ Kc7 39. Rf7+ Kc8 40. Rf8+
Kd7 41. Be8+ Kc7 42. Rf7+ Kd8 43. Bd7 Bxe4+ 44. Kd2 Bh2 45. f3 Rd5+ 46. Ke3 Bg6
47. Rg7 Bb1 48. b4 axb3 49. Bb4 Rxd7 50. Rg8+ Kc7 51. Rg2 Rd3+ 52. Ke2 Bf4 53.
Rg7+ Kd8 54. Be7+ Ke8 55. Bb4 Re3+ 56. Kf2 Bd3 57. Rg8+ Kd7 58. Rg7+ Kc8 59.
Rg8+ Kb7 60. Rg7+ Kb6 61. Rg1 Re2+ 0-1

[Event "Challenge"]
[Site "http://www.queenalice.com/game.php?id=1205103"]
[Date "2013.8.4"]
[Round "-"]
[White "professoralesson"]
[Black "eloy"]
[Result "0-1"]
[WhiteElo "1632"]
[BlackElo "1670"]

1. e4 e5 2. Qf3 Nf6 3. Bc4 d6 4. d3 Bg4 5. Qg3 Nc6 6. h3 Be6 7. Bxe6 fxe6 8. Bg5
h6 9. Bxf6 Qxf6 10. Nf3 Nb4 11. Na3 O-O-O 12. O-O h5 13. c3 Nxd3 14. b4 Nf4 15.
Rfe1 Rg8 16. Nb5 g5 17. Qh2 g4 18. hxg4 hxg4 19. Nh4 Rh8 20. g3 Nh3+ 21. Kf1 Be7
22. Nxa7+ Kb8 23. Nb5 Rdf8 24. Re2 Qg5 25. Kg2 Nf4+ 26. gxf4 exf4 27. Kf1 Rxh4
28. Qg1 Rfh8 29. Ree1 Rh1 30. Qxh1 Rxh1+ 31. Ke2 Qxb5+ 32. Kd2 Rxe1 33. Rxe1 Bf6
34. Kc2 Qc4 35. Rh1 Qxe4+ 36. Kb3 Qxh1 37. a4 Qd5+ 38. c4 Qd3+ 39. Ka2 Qc2+ 40.
Ka3 Qb2# 0-1

[Event "AUTO-OPEN-3083"]
[Site "http://www.queenalice.com/game.php?id=1218312"]
[Date "2013.9.20"]
[Round "1"]
[White "goldenboy"]
[Black "professoralesson"]
[Result "1-0"]
[WhiteElo "2115"]
[BlackElo "1599"]

1. e4 e5 2. f4 exf4 3. Nf3 Qe7 4. Nc3 g6 5. d4 Bh6 6. Bc4 c6 7. Ne5 Qh4+ 8. Kf1
f3 9. Bxf7+ Ke7 10. Qxf3 Bxc1 11. Rxc1 Nf6 12. Bb3 b5 13. g3 Qh6 14. Kg2 Qd2+
15. Qf2 Qxf2+ 16. Kxf2 b4 17. Ne2 d6 18. Nf7 Rf8 19. e5 dxe5 20. Nxe5 Ng4+ 21.
Ke1 Nd7 22. Nxc6+ Ke8 23. Nxb4 Ba6 24. Nxa6 Nf2 25. Rf1 Ne4 26. Nc7+ Ke7 27.
Nxa8 Rxa8 28. Rf7+ Kd6 29. Rxh7 Nf8 30. Rh8 Ke7 31. Nf4 Kf6 32. Ne6 Ke7 33. Nxf8
Rxf8 34. Rxf8 Kxf8 35. Ke2 Kg7 36. c4 Kf7 37. c5+ Ke7 38. Kf1 Kd7 39. Bc2 Nd2+
40. Ke2 Nc4 41. c6+ Kxc6 42. Be4+ Kb5 43. Bd3 Kb4 44. Rxc4+ 1-0

[Event "AUTO-OPEN-3083"]
[Site "http://www.queenalice.com/game.php?id=1218313"]
[Date "2013.9.20"]
[Round "1"]
[White "professoralesson"]
[Black "goldenboy"]
[Result "0-1"]
[WhiteElo "1597"]
[BlackElo "2116"]

1. e4 e5 2. Qf3 Bc5 3. Bc4 Nf6 4. d3 d6 5. Bg5 Nc6 6. Ne2 O-O 7. a3 Bg4 8. Bxf6
Bxf3 9. Bxd8 Bxe2 10. Kxe2 Nd4+ 11. Kd2 Raxd8 12. Nc3 Ne6 13. f3 Nd4 14. Nd5 c6
15. Ne7+ Kh8 16. c3 Ne6 17. Nf5 d5 18. exd5 cxd5 19. Bb3 g6 20. Ne3 Bxe3+ 21.
Kxe3 d4+ 22. cxd4 Nxd4 23. Ba4 b5 24. Bd1 Rd6 25. Ke4 Re8 26. b4 f5+ 27. Ke3 f4+
28. Kf2 Nf5 29. Ke2 Ne3 30. g3 Red8 31. gxf4 exf4 32. a4 Rxd3 33. axb5 Rd2+ 34.
Ke1 Rxd1+ 35. Rxd1 Rxd1+ 36. Ke2 Rxh1 37. Kd3 Rxh2 38. Ke4 Ng2 39. Ke5 Rh5+ 40.
Ke4 Rxb5 41. Kd3 Rxb4 42. Ke2 Rb3 43. Kf2 Rb2+ 44. Kg1 Nh4 0-1

[Event "AUTO-OPEN-3083"]
[Site "http://www.queenalice.com/game.php?id=1218336"]
[Date "2013.9.20"]
[Round "1"]
[White "Epilos"]
[Black "professoralesson"]
[Result "0-1"]
[WhiteElo "1672"]
[BlackElo "1599"]

1. e4 e5 2. Nf3 d6 3. Bc4 h6 4. Nc3 a6 5. d3 b5 6. Bd5 c6 7. Bb3 a5 8. a3 Nf6 9.
Be3 Be7 10. Nh4 Nxe4 11. Nf3 Nxc3 12. bxc3 a4 13. Ba2 O-O 14. d4 exd4 15. cxd4
Qa5+ 16. Bd2 Qb6 17. O-O Bg4 18. c3 c5 19. dxc5 Qxc5 20. Be3 Qxc3 21. h3 Bxf3
22. gxf3 Nc6 23. Rc1 Qxa3 24. Rxc6 Qxa2 25. Rc7 Rfe8 26. Rxe7 Rxe7 27. Qxd6 Re6
28. Qc5 b4 29. Qxb4 Qd5 30. f4 Rg6+ 31. Kh2 Qg2# 0-1

[Event "AUTO-OPEN-3083"]
[Site "http://www.queenalice.com/game.php?id=1218337"]
[Date "2013.9.20"]
[Round "1"]
[White "professoralesson"]
[Black "Epilos"]
[Result "1-0"]
[WhiteElo "1617"]
[BlackElo "1582"]

1. e4 e5 2. Qf3 Nc6 3. Bc4 Nf6 4. d3 Nd4 5. Qd1 Bc5 6. c3 Nc6 7. Bg5 h6 8. Bxf6
Qxf6 9. Qf3 Qxf3 10. Nxf3 d6 11. b4 Bb6 12. h3 Ne7 13. Na3 a6 14. O-O c6 15. Nc2
Ba7 16. Ne3 Bxe3 17. fxe3 b5 18. Bb3 c5 19. bxc5 dxc5 20. d4 c4 21. Bc2 exd4 22.
exd4 Ng6 23. Ne5 Nxe5 24. dxe5 O-O 25. a4 bxa4 26. Rxa4 Be6 27. Bd1 Rfd8 28. Be2
g5 29. Bxc4 Bxc4 30. Rxc4 Re8 31. Rc5 a5 32. Ra1 a4 33. Kf2 a3 34. Ra2 Reb8 35.
Kg3 Rb2 36. Rxb2 axb2 37. Rb5 Ra3 38. Rxb2 Rxc3+ 39. Kg4 Rc5 40. Kf5 Kg7 41. g3
Rc3 42. Rg2 Re3 43. h4 gxh4 44. gxh4+ Kh7 45. Rg4 Rf3+ 46. Rf4 Rxf4+ 47. Kxf4
Kg6 48. Kg4 f6 49. h5+ Kg7 50. exf6+ Kf7 51. Kf5 Kf8 52. e5 Kf7 53. e6+ Kf8 54.
Kg6 Kg8 55. Kxh6 Kf8 56. Kh7 Ke8 57. Kg7 Kd8 58. Kf7 Kc8 59. e7 Kd7 60. h6 Kc7
61. h7 Kd7 62. e8=Q+ Kd6 63. h8=Q Kc7 64. Kg6 Kd6 65. f7 Kd5 66. f8=Q Kc4 67.
Qhg8+ 1-0

[Event "AUTO-OPEN-3083"]
[Site "http://www.queenalice.com/game.php?id=1218352"]
[Date "2013.9.20"]
[Round "1"]
[White "professoralesson"]
[Black "mouderjr"]
[Result "0-1"]
[WhiteElo "1619"]
[BlackElo "1853"]

1. e4 e5 2. Qf3 Nf6 3. Bc4 c6 4. d3 d5 5. exd5 cxd5 6. Bb5+ Nc6 7. Bg5 Be7 8. h3
e4 9. dxe4 Nxe4 10. Bxe7 Qxe7 11. a3 O-O 12. Ne2 Qc5 13. Bxc6 bxc6 14. Nbc3 Re8
15. O-O Ba6 16. Rfc1 Nxc3 17. Nxc3 Re6 18. b4 Qd6 19. Re1 Rae8 20. Rxe6 Rxe6 21.
g3 Bc8 22. Kg2 Rf6 23. Qd3 Qe6 24. Ne2 Qxh3+ 25. Kg1 Rh6 26. f4 Bf5 27. Qa6 Qh1+
28. Kf2 Rh2+ 29. Ke3 Qe4+ 30. Kd2 Qxc2+ 31. Ke3 d4+ 32. Kxd4 Rxe2 33. g4 Qd2+
34. Kc5 Qd5# 0-1

[Event "AUTO-OPEN-3083"]
[Site "http://www.queenalice.com/game.php?id=1218353"]
[Date "2013.9.20"]
[Round "1"]
[White "mouderjr"]
[Black "professoralesson"]
[Result "1-0"]
[WhiteElo "1846"]
[BlackElo "1626"]

1. d4 d5 2. c4 dxc4 3. a4 e6 4. e4 Bb4+ 5. Nc3 Nc6 6. Nf3 Na5 7. Be2 b6 8. O-O
Ba6 9. Qc2 Ne7 10. e5 h6 11. Rd1 O-O 12. Ne4 Nb3 13. Rb1 Nf5 14. Bxc4 Nbxd4 15.
Nxd4 Qc8 16. Nc6 Qb7 17. Nxb4 Rad8 18. Re1 c5 19. Nxa6 Ne7 20. Qb3 Rd7 21. Naxc5
bxc5 22. Qg3 Rd4 23. Bxh6 Ng6 24. Bd3 gxh6 25. Nf6+ Kg7 26. Be4 Qb4 27. h4 Kh8
28. Bxg6 fxg6 29. Qxg6 Rxh4 30. Qh7# 1-0

[Event "AUTO-ADV-2961"]
[Site "http://www.queenalice.com/game.php?id=1218387"]
[Date "2013.9.20"]
[Round "1"]
[White "Donyelko"]
[Black "professoralesson"]
[Result "1-0"]
[WhiteElo "1959"]
[BlackElo "1595"]

1. d4 d5 2. c4 dxc4 3. Qa4+ c6 4. Qxc4 b5 5. Qd3 g6 6. Nf3 e6 7. e4 Bb4+ 8. Nc3
Ba6 9. a3 Bxc3+ 10. Qxc3 Nf6 11. Bd3 O-O 12. b4 Qb6 13. d5 cxd5 14. Qxf6 Nd7 15.
Qh4 f5 16. Bb2 dxe4 17. Ng5 h5 18. Be2 Nf6 19. Bxf6 Rxf6 20. Nxe4 Rf7 21. Nf6+
Kg7 22. Nxh5+ gxh5 23. Qxh5 Rh8 24. Qg5+ Kf8 25. Rd1 Rg7 26. Rd8+ Kf7 27. Bh5+
Rxh5 28. Qxh5+ Kf6 29. Qh6+ Kf7 30. Rd7+ Ke8 31. Qxg7 Bc8 32. Qf7# 1-0

[Event "AUTO-ADV-2961"]
[Site "http://www.queenalice.com/game.php?id=1218388"]
[Date "2013.9.20"]
[Round "1"]
[White "professoralesson"]
[Black "Donyelko"]
[Result "0-1"]
[WhiteElo "1621"]
[BlackElo "1933"]

1. d4 e6 2. Nf3 d5 3. e3 a6 4. Ne5 Bd6 5. Qf3 Bxe5 6. dxe5 Ne7 7. Bd3 Nbc6 8.
Qg3 O-O 9. Qh4 Ng6 10. Qxd8 Rxd8 11. f4 Nb4 12. O-O Nxd3 13. cxd3 c5 14. Nc3 d4
15. exd4 Rxd4 16. Rd1 Nxf4 17. Bxf4 Rxf4 18. g3 Rd4 19. Ne2 Rd5 20. d4 c4 21.
Re1 b5 22. Rad1 Bb7 23. Nf4 Rd7 24. Kf2 Rad8 25. Ne2 Kf8 26. Ke3 Ke7 27. Kf4 f6
28. exf6+ gxf6 29. h4 Rd5 30. Kg4 h5+ 31. Kh3 Kf7 32. g4 hxg4+ 33. Kxg4 e5 34.
Kg3 exd4 35. Nf4 Re5 36. Rf1 d3 37. Rf2 Rg8+ 38. Kh3 Re3+ 39. Kh2 Rf3 40. Rff1
Rg4 41. Ng2 Rxf1 42. Rxf1 Bxg2 43. Rf2 Be4 44. Kh3 Rg8 45. h5 f5 46. Kh4 Rg4+
47. Kh3 Kf6 48. Kh2 Rg2+ 49. Rxg2 Bxg2 50. Kxg2 d2 51. h6 d1=Q 52. h7 Kg7 53.
h8=Q+ Kxh8 54. b3 Qe2+ 55. Kg3 c3 56. Kf4 Qe4+ 57. Kg3 c2 58. a4 c1=Q 59. axb5
Qg5+ 60. Kf2 Qgg2# 0-1

[Event "AUTO-ADV-2961"]
[Site "http://www.queenalice.com/game.php?id=1218403"]
[Date "2013.9.20"]
[Round "1"]
[White "professoralesson"]
[Black "favazza2007"]
[Result "1-0"]
[WhiteElo "1591"]
[BlackElo "2081"]

1. e4 d5 2. exd5 Nf6 3. Bb5+ Bd7 4. Bxd7+ Nbxd7 5. c4 c6 6. dxc6 bxc6 7. Nf3 e6
8. d3 Bb4+ 9. Bd2 Qa5 10. Bxb4 Qxb4+ 11. Qd2 Qxd2+ 12. Nbxd2 O-O-O 13. O-O h6
14. b4 Ne5 15. Nxe5 Rhf8 16. Nxc6 Rxd3 17. Nb3 Kb7 18. Nc5+ Kxc6 19. Nxd3 Nd7
20. b5+ Kb6 21. a4 a5 22. bxa6 Kxa6 23. Rfc1 Rc8 24. Rab1 f6 25. Nf4 Rc6 26. Rb5
g5 27. Ng6 Nb6 28. Ne7 Rc7 29. Ng8 Rd7 30. Nxf6 Rd8 31. Ng4 Nxc4 32. g3 Nd2 33.
Rc6+ Ka7 34. Rxe6 Nc4 35. Rxh6 Rd1+ 36. Kg2 Nd6 37. Rh7+ Ka6 38. Rxg5 Ne4 39.
Rh6+ Kb7 40. Rg7+ Kc8 41. a5 Nc5 42. Ne3 Rd2 43. Kf3 Nd7 44. a6 Ra2 45. Rh8+ Kc7
46. Nd5+ Kc6 47. Nb4+ Kb5 48. Nxa2 Ne5+ 49. Kg2 Kxa6 50. h4 Kb6 51. h5 Kc6 52.
h6 Kd6 53. h7 Nd3 54. Rd8+ Ke6 55. h8=Q Ne1+ 56. Kh3 Ng2 57. Qe8+ Kf6 58. Qg6+
Ke5 59. Re8+ Kd5 60. Rd7+ Kc5 61. Rc8+ Kb5 62. Rb7+ Ka5 63. Ra8# 1-0

[Event "AUTO-ADV-2961"]
[Site "http://www.queenalice.com/game.php?id=1218404"]
[Date "2013.9.20"]
[Round "1"]
[White "favazza2007"]
[Black "professoralesson"]
[Result "1-0"]
[WhiteElo "2039"]
[BlackElo "1593"]

1. c4 e5 2. Nc3 Qf6 3. Nd5 Qc6 4. b3 b5 5. d3 bxc4 6. dxc4 Bc5 7. Nf3 e4 8. Nd4
Bxd4 9. Qxd4 Nf6 10. Nxf6+ Qxf6 11. Qxe4+ Kf8 12. Rb1 c6 13. Qf4 Qxf4 14. Bxf4
Na6 15. g3 Bb7 16. Bg2 Nb4 17. Bd6+ Kg8 18. Bxb4 a5 19. Bc3 h5 20. O-O Rh6 21.
Rbd1 d5 22. cxd5 cxd5 23. Bxd5 Bxd5 24. Rxd5 a4 25. bxa4 Rxa4 26. Rd8+ Kh7 27.
Rd7 f6 28. Ra1 Rc4 29. Bd2 Rg6 30. a4 Rc2 31. a5 Rc8 32. a6 h4 33. a7 Ra8 34.
Rb7 hxg3 35. hxg3 f5 36. Rb8 Rxa7 37. Rxa7 Rd6 38. Bf4 Rd1+ 39. Kg2 Kg6 40. Rg8
Kh5 41. Raxg7 Rg1+ 42. Kf3 Rxg3+ 43. Rxg3 Kh4 44. Rh8# 1-0

[Event "AUTO-ADV-2961"]
[Site "http://www.queenalice.com/game.php?id=1218405"]
[Date "2013.9.20"]
[Round "1"]
[White "professoralesson"]
[Black "mikena_zaitsev"]
[Result "0-1"]
[WhiteElo "1617"]
[BlackElo "1983"]

1. e4 c5 2. Qf3 d6 3. Bc4 Nf6 4. d3 g6 5. h3 Bg7 6. Ne2 O-O 7. Nbc3 Nc6 8. a3
Be6 9. O-O Ne5 10. Qg3 Nxc4 11. dxc4 Bxc4 12. Rb1 Bxe2 13. Nxe2 Nxe4 14. Qf3 d5
15. b4 Rc8 16. bxc5 Nxc5 17. Be3 b6 18. Rfc1 e5 19. c4 e4 20. Qg3 Nd3 21. Rc2
Rxc4 22. Rxc4 dxc4 23. Bg5 f6 24. Bf4 Nxf4 25. Qxf4 Qd3 26. Rd1 Qxd1+ 27. Kh2
Qxe2 28. Kg3 Rd8 29. Kh2 Qd2 30. Qxe4 c3 31. Qc4+ Kh8 32. f3 c2 33. a4 c1=R 34.
Qf7 Qf4+ 35. g3 Rd2# 0-1

[Event "AUTO-ADV-2961"]
[Site "http://www.queenalice.com/game.php?id=1218406"]
[Date "2013.9.20"]
[Round "1"]
[White "mikena_zaitsev"]
[Black "professoralesson"]
[Result "1-0"]
[WhiteElo "1905"]
[BlackElo "1621"]

1. e4 e5 2. Nf3 Bd6 3. Bc4 a6 4. d3 b5 5. Bd5 c6 6. Bb3 a5 7. a4 h6 8. axb5 cxb5
9. O-O a4 10. Nc3 Ba6 11. Bd5 Nc6 12. d4 exd4 13. Nxd4 b4 14. Nxc6 dxc6 15.
Bxc6+ Ke7 16. e5 Bxf1 17. exd6+ Qxd6 18. Nd5+ Kf8 19. Bxa8 Bc4 20. Bd2 Bxd5 21.
Rxa4 Qd7 22. Bxb4+ Ke8 23. Qxd5 Qxa4 24. Bc6+ Qxc6 25. Qxc6+ Kd8 26. Bd6 g5 27.
Qc7+ Ke8 28. Qc8# 1-0

[Event "AUTO-INT-2723"]
[Site "http://www.queenalice.com/game.php?id=1218516"]
[Date "2013.9.20"]
[Round "1"]
[White "Clausimausi"]
[Black "professoralesson"]
[Result "0-1"]
[WhiteElo "1687"]
[BlackElo "1632"]

1. e4 e5 2. Nf3 d6 3. Bc4 a6 4. Nc3 Bg4 5. Nxe5 dxe5 6. Qxg4 Bc5 7. Qxg7 Qf6 8.
Qxf6 Nxf6 9. d3 Nc6 10. O-O Nb4 11. Bb3 b5 12. a3 Nc6 13. Kh1 Nd4 14. f3 c6 15.
Bd2 a5 16. Rfe1 a4 17. Ba2 Nxc2 18. Rad1 Nxe1 19. Rxe1 O-O-O 20. Bg5 Rd6 21.
Bxf7 h6 22. Bh4 Rf8 23. Bxf6 Rxf6 24. Bh5 Rd8 25. Rd1 Kc7 26. Ne2 Kb6 27. Nc3
Rg8 28. Rc1 Rg5 29. Bg4 h5 30. h4 Rgg6 31. Bh3 Rd6 32. b4 axb3 33. Bf5 Rgf6 34.
a4 b4 35. a5+ Kxa5 36. Ra1+ Kb6 37. Na4+ Kb5 38. Nxc5 Kxc5 39. Ra5+ Kd4 40. Ra1
Kxd3 41. Rd1+ Kc2 42. Rxd6 Rxd6 43. Kh2 b2 44. f4 b1=Q 0-1

[Event "AUTO-INT-2723"]
[Site "http://www.queenalice.com/game.php?id=1218517"]
[Date "2013.9.20"]
[Round "1"]
[White "professoralesson"]
[Black "Clausimausi"]
[Result "1-0"]
[WhiteElo "1650"]
[BlackElo "1666"]

1. e4 e5 2. Qf3 Nc6 3. Bc4 Nf6 4. d3 Nd4 5. Qd1 b5 6. Bb3 a5 7. c3 Nxb3 8. Qxb3
Ba6 9. Nf3 c6 10. Ng5 d5 11. exd5 Qxd5 12. Qxd5 Nxd5 13. O-O h6 14. Ne4 f5 15.
Ng3 g6 16. Nd2 Bd6 17. a3 O-O 18. c4 bxc4 19. dxc4 Nb6 20. b3 Bb7 21. Nf3 Kh7
22. Be3 c5 23. Bd2 Bxf3 24. gxf3 Rfb8 25. Rfd1 Nc8 26. Ne2 Rxb3 27. Kg2 Rab8 28.
Bxa5 Rb2 29. Nc3 R8b3 30. Nb5 Be7 31. Bc7 Bh4 32. Bxe5 Rxf2+ 33. Kh1 Rbb2 34.
Rd7+ Kg8 35. Rg7+ Kf8 36. Bxb2 Rxb2 37. Rxg6 Bg5 38. Rc6 Ne7 39. Rxc5 Bf4 40.
Re1 Rxh2+ 41. Kg1 Rh3 42. Kg2 Rg3+ 43. Kf2 h5 44. Nd4 Ng6 45. Rxf5+ Kg8 46. Re8+
1-0

[Event "AUTO-INT-2723"]
[Site "http://www.queenalice.com/game.php?id=1218532"]
[Date "2013.9.20"]
[Round "1"]
[White "FranzMeM"]
[Black "professoralesson"]
[Result "1-0"]
[WhiteElo "1534"]
[BlackElo "1618"]

1. e4 e5 2. Nf3 d6 3. Bc4 h6 4. Nc3 c6 5. h3 b5 6. Be2 Na6 7. a3 Nf6 8. d3 Be7
9. b4 d5 10. Nxe5 Bb7 11. exd5 cxd5 12. Nxb5 Qb6 13. Nc3 Bd6 14. Ng4 Nxg4 15.
Bxg4 O-O 16. O-O Bb8 17. d4 Qd6 18. g3 Kh7 19. Qd3+ g6 20. Bf4 Qc6 21. Bxb8
Raxb8 22. Ne2 f5 23. b5 Qc4 24. Qxc4 dxc4 25. bxa6 Bc6 26. Bxf5 Rxf5 27. Nc3 Rb6
28. d5 Bd7 29. Rae1 Rf7 30. a4 Rxa6 31. g4 Bxa4 32. Nxa4 Rxa4 33. d6 Rd7 34.
Re7+ Rxe7 35. dxe7 Ra2 36. e8=Q Rxc2 37. Qe7+ Kg8 38. Qxa7 h5 39. Qa4 c3 40.
Qxc2 1-0

[Event "AUTO-INT-2723"]
[Site "http://www.queenalice.com/game.php?id=1218533"]
[Date "2013.9.20"]
[Round "1"]
[White "professoralesson"]
[Black "FranzMeM"]
[Result "0-1"]
[WhiteElo "1618"]
[BlackElo "1553"]

1. e4 e5 2. Qf3 Nf6 3. Bc4 Bc5 4. d3 h6 5. a3 a6 6. Nc3 c6 7. b4 b5 8. Bxf7+
Kxf7 9. bxc5 d6 10. cxd6 Qxd6 11. h3 Bb7 12. Nge2 Nd7 13. Ng3 Qe6 14. Nh5 a5 15.
Nxf6 Nxf6 16. O-O g6 17. a4 b4 18. Ne2 c5 19. g4 Kg7 20. Be3 c4 21. dxc4 Bxe4
22. Qg3 Bxc2 23. Rfc1 b3 24. Rxc2 bxc2 25. c5 Ne4 26. Qh4 Rad8 27. Rc1 Rd1+ 28.
Kg2 Rxc1 29. Nxc1 g5 30. Qh5 Nf6 31. Kf1 Nxh5 32. gxh5 Qxh3+ 33. Ke2 Qxh5+ 34.
Kd2 g4 35. Kxc2 Qf5+ 36. Kd2 h5 37. Nb3 Rd8+ 38. Kc1 h4 39. Nxa5 h3 40. Nc4 h2
41. Nd6 h1=Q+ 42. Kd2 Rxd6+ 43. cxd6 Qd5+ 44. Kc3 Qfd3+ 45. Kb4 Qxd6+ 46. Ka5
Q3d5+ 47. Bc5 Q5xc5# 0-1

[Event "AUTO-INT-2723"]
[Site "http://www.queenalice.com/game.php?id=1218542"]
[Date "2013.9.20"]
[Round "1"]
[White "favarao90"]
[Black "professoralesson"]
[Result "1-0"]
[WhiteElo "1464"]
[BlackElo "1591"]

1. e4 e5 2. Nf3 d6 3. Bc4 a6 4. Nc3 b5 5. Bb3 c6 6. d4 a5 7. a4 b4 8. Ne2 exd4
9. Qxd4 c5 10. Qd5 Ra7 11. Ng5 Qf6 12. Nxf7 Rxf7 13. O-O Ra7 14. Bg5 Qxg5 15.
Qxg5 h6 16. Qg6+ Kd7 17. Qf7+ Ne7 18. Rad1 Kc6 19. Qe8+ Nd7 20. Nf4 Kb6 21.
Rxd6+ Kc7 22. Rfd1 Nc6 23. Rxd7+ Bxd7 24. Qxd7+ Kb6 25. Nd5+ Ka6 26. Qxc6# 1-0

[Event "AUTO-INT-2723"]
[Site "http://www.queenalice.com/game.php?id=1218543"]
[Date "2013.9.20"]
[Round "1"]
[White "professoralesson"]
[Black "favarao90"]
[Result "0-1"]
[WhiteElo "1617"]
[BlackElo "1517"]

1. e4 e5 2. Qf3 Nf6 3. h3 d5 4. exd5 Nxd5 5. Bb5+ c6 6. Bc4 b5 7. Bxd5 Qxd5 8.
Qxd5 cxd5 9. Nc3 Bb7 10. Nxb5 Bc5 11. Nc7+ Ke7 12. Nxa8 Bxa8 13. c3 d4 14. cxd4
exd4 15. Nf3 Re8 16. O-O Kf8 17. a3 d3 18. b4 Bd6 19. Ne1 Be4 20. f3 Bg6 21. g4
f5 22. Nxd3 Re2 23. Nf2 Be5 24. Ra2 fxg4 25. fxg4 Kg8 26. Nd1 h5 27. gxh5 Bxh5
28. Ne3 Bg6 29. Rf2 Re1+ 30. Rf1 Re2 31. Nd5 Be4 32. Ne7+ Kh7 33. Rf8 Re1+ 34.
Kf2 Rxc1 35. Ke3 Bb1 36. Ra1 Bxa1 37. Rxb8 Re1+ 38. Kf2 Rxe7 39. Rc8 Bd4+ 40.
Kf3 Bf5 41. Rc4 Rd7 42. Kf4 Bd3 43. Rc6 Rf7+ 44. Kg4 g6 45. Rd6 Be2+ 46. Kh4
Bf2+ 47. Kg5 Rf5# 0-1